[Event "Ille et Vilaine-ch 1112"]
[Site "Ile et Vilaine"]
[Date "2012.01.28"]
[Round "5.21"]
[White "Charpentier, Bruno"]
[Black "Maillard, Eric"]
[Result "1/2-1/2"]
[WhiteElo "1472"]
[BlackElo "1580"]
[PlyCount "145"]
[EventDate "2012.10.??"]
[EventType "swiss"]
[EventRounds "7"]
[EventCountry "FRA"]
[SourceTitle "EXT 2014"]
[Source "ChessBase"]
[SourceDate "2013.11.20"]
[SourceVersion "1"]
[SourceVersionDate "2013.11.20"]
[SourceQuality "1"]

1. e4 e5 2. Nf3 Nc6 3. Bc4 h6 4. a3 Nf6 5. Nc3 Nxe4 6. Nxe4 d5 7. Bd3 dxe4 8. Bxe4 Bd7 9. 0-0 Bd6 10. Bd5 Qf6 11. d3 0-0 12. c3 Rab8 13. Re1 Ne7 14. Ba2 Bg4 15. Bd2 Bxf3 16. Qxf3 Qxf3 17. gxf3 Kh8 18. f4 exf4 19. Bxf4 Bxf4 20. Rxe7 f6 21. Rae1 Bd6 22. R7e4 Rbd8 23. d4 Rd7 24. c4 g5 25. c5 Bf4 26. d5 Rfd8 27. Re8+ Rxe8 28. Rxe8+ Kg7 29. b4 Be5 30. Re6 h5 31. b5 h4 32. Kg2 Kf8 33. h3 Re7 34. Kf3 Rxe6 35. dxe6 Ke7 36. Ke4 g4 37. hxg4 h3 38. Kf3 h2 39. Kg2 Bf4 40. Bd5 Be5 41. Bc4 Bf4 42. a4 Be5 43. a5 b6 44. axb6 axb6 45. c6 Kd6 46. Bd5 Ke7 47. Kf1 h1Q+ 48. Bxh1 Kxe6 49. Be4 Bf4 50. f3 Ke5 51. Ke2 Kd4 52. Bd3 Kc5 53. Kf1 Kd4 54. Be2 Ke3 55. Ke1 Kd4 56. Kd1 Kc3 57. Ke1 Kd4 58. Kf2 Ke5 59. Kg2 Kd4 60. Kh3 Ke3 61. Bd1 Kd2 62. Ba4 Ke3 63. Kh4 Kxf3 64. Bd1+ Ke4 65. Kh5 Kd4 66. Kg6 Be5 67. Kf5 Kd5 68. Bc2 Kc5 69. Bd3 Kd4 70. Bf1 Kd5 71. g5 fxg5 72. Kxg5 Kc5 73. Kf5 1/2-1/2